00423 a2200145 4500003000400000005001700004008004100021020001800062040000900080082001900089100003100108245008500139260004300224300001000267OSt20240313104827.0231103b |||||||| |||| 00| 0 eng d a9789639541564 coclc a346.176bHAS/S aHassan, Abdullah Alwi Haji aSales And Contracts In Early Islamic Commercial Law /cAbdullah Alwi Haji Hassan aKaula Lumpur:bThe Other Press,c2007. a297 p